00553 2200217 4500001002100000005001700021008004100038035002400079082001100103090001800114100001800132245004500150250001000195260003000205300001900235650003200254850001500286980001300301985000600314999001500320YOGYA-0209000004836220090227031935.0 ind  0010-020900000048362 a425.07 a425.07bSya T aSYAH, Jalinus aTatabahasa Inggris moderncDjalinus Sjah aCet.1 aJakartabKurnia Esac1979 a139 hlmc20 cm aBahasa Inggris - Pendidikan aYOPDYOG(M) a07-11-07 a1 aP000009186